Car manufacturing countries - Statistics

General Stats
  • This quiz has been taken 904 times
  • The average score is 12 of 14
Answer Stats
Hint Answer % Correct
18,085,213 China
99%
5,439,904 Germany
99%
4,346,958 USA
99%
8,189,323 Japan
98%
1,460,000 France
94%
1,509,762 United Kingdom
94%
1,919,636 Russia
91%
3,138,988 India
90%
4,122,604 South Korea
89%
1,719,700 Spain
87%
2,742,309 Brazil
86%
1,771,987 Mexico
84%
1,122,780 Thailand
47%
1,128,473 Czech Republic
34%
No matching quizzes found
Score Distribution
Percent of People with Each Score
Percentile by Number Answered
Your Score History
You have not taken this quiz